000 00655nam a22001937a 4500
005 20231013110736.0
008 220528b ||||| |||| 00| 0 eng d
040 _cSSBUL
082 _223
_a025.04
110 2 _aIndira Gandhi National Open University.
_95926
245 _aInformation sources and services BLI-222 /
_cSchool of Social Science, Indira Gandhi National Open University.
260 _aNew Delhi :
_bIGNOU ,
_c30 cm.
300 _a347 pages ;
_c30 cm.
650 _aReference services (Libraries)
_95323
650 _aInformation services
_95324
650 _aInformation resources
_95927
650 _aReference books
_95928
942 _2ddc
_cBK
999 _c6749
_d6749